000 00623cam a22002293a 4500
001 26554
003 PGUSA
005 20140828083555.0
008 080907s2008||||xxu|||||s|||||000 1 eng d
040 _aPGUSA
_beng
042 _adc
050 4 _aPT
100 1 _aRobbers, Herman Johan,
_d1868-1937
245 1 0 _aDe vreemde plant
_h[electronic resource] /
_cHerman Johan Robbers
260 _bProject Gutenberg,
_c2008
506 _aPublic domain in the USA.
516 _aElectronic text
653 _aFiction
830 0 _aProject Gutenberg
_v26554
856 4 0 _uhttp://www.gutenberg.org/ebooks/26554
942 _cEB
999 _c255809
_d255809